000
00360nam a2200133Ia 4500
008
230312s9999||||xx |||||||||||||| ||und||
082
_a
891.4
_b
RAF-D
100
_a
رفیع الدّین ذکی قریشی اشرفی
245
0
_a
درمانِ دلِ مُضطرَ
260
_b
Almadina
_a
pak
_c
2017
300
_a
144
650
_a
Urdu Literature
942
_c
BK
999
_c
13462
_d
13462